| 000 | 02402nam a22002777a 4500 | ||
|---|---|---|---|
| 999 |
_c57144 _d57144 |
||
| 003 | Ge_BSU | ||
| 005 | 20191129144406.0 | ||
| 008 | 191129s2019 ||||| |||| 00| 0 geo d | ||
| 020 |
_a9789941965289 (ყველა ტომის) _c9789941962080 (მე-4 ტომის) |
||
| 041 | _ageo | ||
| 080 | _a94(479.22)"1918.05"(094.1)+328(479.22)"1919"+329.141(479.22)ს-32 | ||
| 245 |
_aსაქართველოს დამფუძნებელი კრება : სხდომის ოქმები : 7 ტომად. _bტ. 4, 1919 წლის 14 ნოემბერი - 31 დეკემბერი / _cტომის სარედ.საბჭ.ირაკლი იაკობაშვილი ; მზია ხოსიტაშვილი ; ემზარ ჯგერენაია. |
||
| 264 |
_aთბილისი : _bსაქ. პარლამენტის ეროვნ. ბიბ-კა, _c2019. |
||
| 300 |
_a478 გვ. ; _c25 სმ. |
||
| 440 |
_aსაქართველოს დემოკრატიული რესპუბლიკის დოკუმენტები _95633 |
||
| 500 | _aეძღვნება საქართველოს დემოკრატიული რესპუბლიკის დამფუძნებელი კრების 100 წლისთავს | ||
| 501 | _aპირთა საძიებელი: გვ. 441-472. ადგილთა საძიებელი: გვ. 473-475. | ||
| 504 | _aბიბლიოგრაფია: გვ. 477. | ||
| 653 | _aსაქართველოს სოციალ-დემოკრატიული პარტია | ||
| 653 | _aსაქართველოს დამფუძნებელი კრება | ||
| 653 | _a1918-1921 წლები -- საქართველოს დემოკრატიული რესპუბლიკა -- სხდომის ოქმები. | ||
| 700 |
_aიაკობაშვილი, ირაკლი _eსარედაქციო საბჭო _95634 |
||
| 700 |
_aხოსიტაშვილი, მზია _eსარედაქციო საბჭო _95612 |
||
| 700 |
_aჯგერენაია, ემზარ _eსარედაქციო საბჭო _95613 |
||
| 942 |
_2udc _cBK |
||